01707nam a2200361 i 450000500170000000700030001700800410002002000180006104000350007904100130011408200200012710000470014724500820019425000430027626400490031930000250036833600270039333700330042033800280045349000160048150002400049752100420073753400300077960000750080965000460088465000370093065000440096770000440101194200120105599900150106795201330108295201300121520220317001904.0ta210819s2015 ck er 000 0 spa d a9789585919129 aCO-BoRNBPbspaerdacCO-BoRNBP1 aspahfra04a179.9bV64c2221 aVoltaire, Francois Maried1694-1778eAutor10aContra el fanatismo religiosocVoltaire ; traducción de Juan Ramón Azaola aPrimera edición, primera impresión 1aBogotábPenguin Random HousebTaurusc2015 a110 páginasc19 cm atextobtxt2rdacontent asin mediaciónbn2rdamedia avolumenbnc2rdacarrier aGreat Ideas aEn la carátula: El derecho a la intolerancia es, por lo tanto, absurdo y bárbaro: es el derecho de los tigres, y es mucho más horrible, pues los tigres sólo matan para comer, y nosotros nos hemos exterminado por unos párrafos aRecomendado para un público adulto  tTraite sur la tolérance14aVoltaire, Francois Maried1694 - 1778vPensamiento filosófico97856917aFilosofía francesaySiglo XVIII2ARMARC17aIndiferentismo religioso2ARMARC17aToleranciavAspectos religiosos2ARMARC1 aAzaola, Juan Ramónetraductor9182700 2ddccBK c8431d8431 00102ddc40708GENaMECASARIbMECASARIcGENd2024-11-10l0o179.9 - V64CpBM0001093r2024-11-10 17:34:45tEj.1w2024-11-10yBK 00102ddc40708GENaMELAJULIbMELAJULIcGENd2025-10-28l0o179.9 V64cpJUL00140r2025-10-28 20:51:34tEj.1w2025-10-28yBK